| 000 | 00344nam a2200109Ia 4500 | ||
|---|---|---|---|
| 008 | 220204s9999 xx 000 0 und d | ||
| 082 |
_a339.747(540) _bGHO |
||
| 100 | _aGhosh, Arun | ||
| 245 | 0 | _aAsian currency turmoils and WTO issues: Lessons for India | |
| 260 |
_aNew Delhi _bCentre for study of global trade system & development |
||
| 942 | _cBK | ||
| 999 |
_c41641 _d41641 |
||